Delinquency in society / (Record no. 3794)
[ view plain ]
| 000 -LEADER | |
|---|---|
| fixed length control field | 01135cam a22002054a 4500 |
| 020 ## - INTERNATIONAL STANDARD BOOK NUMBER | |
| ISBN | 0072989688 (softcover : alk. paper) |
| 020 ## - INTERNATIONAL STANDARD BOOK NUMBER | |
| ISBN | 9780072989687 |
| 050 00 - CALL NUMBER | |
| Classification number | HV9104 |
| Item number | .R43 |
| 100 1# - AUTHOR | |
| Personal name | Regoli, Robert M. |
| 245 10 - TITLE | |
| Title | Delinquency in society / |
| Statement of responsibility, etc | Robert M. Regoli, John D. Hewitt. |
| 250 ## - EDITION | |
| Edition statement | 6th ed. |
| 260 ## - PUBLICATION INFORMATION | |
| Place of publication | Boston : |
| Name of publisher | McGraw-Hill, |
| Year of publication | c2006. |
| 300 ## - DESCRIPTION | |
| Number of Pages | xxii, 586 p. : |
| Other physical details | ill. ; |
| Dimensions | 26 cm. |
| 500 ## - NOTES | |
| General note | Includes index. |
| 505 ## - FORMATTED CONTENTS NOTE | |
| Table of Content | Defining delinquency --Measuring delinquency --<br/>Violent youth crime --<br/>Illegal drug use and delinquency --<br/>Individual theories of delinquency : choice and trait explanations --<br/>Sociological theory : cultural deviance, strain, and social control explanations --<br/>Sociological theory : labeling and conflict explanations --<br/>Developmental theories --<br/>Female delinquency theories --<br/>The family and delinquency --<br/>Schools and delinquency --<br/>Peer group and gang delinquency --<br/>Police and delinquency --<br/>The juvenile court --<br/>Juvenile corrections. |
| 650 #0 - SUBJECTS | |
| Topical Term | Juvenile delinquency |
| 650 #0 - SUBJECTS | |
| Topical Term | Juvenile justice, Administration of |
| 700 1# - OTHER AUTHORS | |
| Personal name | Hewitt, John D., |
| 942 ## - ADDED ENTRY ELEMENTS (KOHA) | |
| Koha item type | Books |
| Withdrawn status | Lost status | Collection code | Home library | Current library | Shelving location | Date acquired | Full call number | Accession Number | Koha item type |
|---|---|---|---|---|---|---|---|---|---|
| Reference | Methodist University Library Main | Methodist University Library Main | General Stacks | HV9104 .R43 | 22086 | Books | |||
| Reference | Methodist University Library Main | Methodist University Library Main | General Stacks | HV9104 .R43 | 22131 | Books |